Rhymes With 'Bank' Quiz Stats

Quiz Updated Jun 18, 2016

Also try: Rhymes with Drink
Challenge
Share
Tweet
Embed
Score 0/23 Timer 03:00
17 Plays Today
% Correct
tank
96.6%
dank
93.9%
rank
92.8%
sank
92.4%
lank
90.4%
hank
89.5%
crank
88.1%
frank
85.7%
stank
85.2%
drank
85.1%
blank
79.5%
flank
78.2%
% Correct
clank
77.3%
prank
76.5%
shank
75%
plank
72.5%
spank
71.9%
yank
67.5%
thank
66.1%
skank
62%
swank
54.1%
shrank
44.8%
franc
21.1%

You're not logged in!

Compare scores with friends on all Sporcle quizzes.
Join for Free
OR
Log In

You Might Also Like...

Show Comments

Extras

Top Quizzes Today


Score Distribution

Your Account Isn't Verified!

In order to create a playlist on Sporcle, you need to verify the email address you used during registration. Go to your Sporcle Settings to finish the process.

Report this User

Report this user for behavior that violates our Community Guidelines.

Details: